000 00575nam a22001817a 4500
005 20231106075501.0
008 231106b |||||||| |||| 00| 0 eng d
020 _a9780409022728 ; 9780409022735
041 _aEnglish
082 _a347.6 ZEF
100 _aZeffertt, DT and Paizes, AP
_lEnglish
245 _aThe South African Law of Evidence /
_cDT Zeffertt and AP Paizes
250 _a2nd Edition
260 _aDurban :
_bLexisNexis,
_c2009
300 _bxxii, 1074 pages ;
_c25 cm.
650 _aLegal practice
_bLaw
942 _cBK
_6ALISON_BN_VRIES
999 _c292
_d292